000 00697nam a2200289Ia 4500
005 20260324144102.0
008 008 260324s9999 xx 000 0 eng d
020 _a9780429455988
037 _aEBOOK
040 _aCRL
040 _beng
040 _cCRL
041 _2eng
041 _aeng
084 _qCRL
100 _aAndrew Scull
_91162109
245 0 _aSocial Order/Mental Disorder
245 0 _bAnglo-American Psychiatry in Historical Perspective
260 _bTaylor and Francis
260 _c1989
365 _a
365 _b205
856 _uhttp://www.taylorfrancis.com/books/9780429455988
942 _cEBOOK
999 _c1824212
_d1824212